LEADER 01217cam0-2200349---450- 001 990004322770403321 005 20141013103832.0 035 $a000432277 035 $aFED01000432277 035 $a(Aleph)000432277FED01 035 $a000432277 100 $a19990604d1976----km-y0itay50------ba 101 0 $afre 102 $aGR 105 $ay-------001yy 200 1 $a<>presse française face a la chute de Missolonghi et a la bataille navale de Navarin$erecherches sur les sources du philhellénisme français$fJean Dimakis 210 $aThessaloniki$cInstitute for balkan studies$d1976 215 $a477 p.$d25 cm 225 1 $aInstitute for Balkan studies$v162 610 0 $aAssedio di Missolungi. 1826$aGiudizi della stampa francese 610 0 $aBattaglia di Navarino <1827>$aGiudizi della stampa francese 610 0 $aStampa$aFrancia 676 $a949.506 676 $a074 700 1$aDimakis,$bJean$0172214 801 0$aIT$bUNINA$gRICA$2UNIMARC 901 $aBK 912 $a990004322770403321 952 $a949.506 DIM 1$bbibl. 51217$fFLFBC 959 $aFLFBC 996 $aPresse française face à la chute de Missolonghi et à la bataille navale de Navarin$9237573 997 $aUNINA LEADER 02397nam 2200565 a 450 001 9910955163103321 005 20250428184146.0 010 $a9781118401781 010 $a1118401786 035 $a(CKB)2670000000327888 035 $a(EBL)894287 035 $a(OCoLC)826479259 035 $a(SSID)ssj0000906752 035 $a(PQKBManifestationID)11574982 035 $a(PQKBTitleCode)TC0000906752 035 $a(PQKBWorkID)10854720 035 $a(PQKB)11287386 035 $a(MiAaPQ)EBC894287 035 $a(EXLCZ)992670000000327888 100 $a20130124d2013 uy 0 101 0 $aeng 135 $aur|n|---||||| 181 $ctxt 182 $cc 183 $acr 200 10$aDigital SLR video & filmmaking for dummies /$fby John Carucci 210 $aHoboken, N.J. $cJohn Wiley & Sons, Inc.$d2013 215 $a1 online resource (419 p.) 225 0 $aFor dummies Digital SLR video & filmmaking for dummies 300 $aIncludes index. 311 08$a9781118365984 311 08$a1118365984 327 $apt. I. Joining the DSLR video revolution -- pt. II. Control the camera, control the movie -- pt. III. Fixing it in post -- pt. IV. Becoming a filmmaker -- pt. V. The part of tens. 330 $aStep-by-step guide for using your digital SLR to make quality video With digital SLR cameras becoming more and more popular as replacements for standalone video cameras, this book helps photographers become better videographers and shows videographers how to incorporate DSLRs into their work. The book includes an overview of the DSLR video tools and process and shows how to establish camera settings for effective capture, light a scene, get sound, and achieve the film look. The book also offers the basics on editing footage into a final product using common video editing tools.